| 000 | 00379nam a2200109Ia 4500 | ||
|---|---|---|---|
| 008 | 171204s9999 xx 000 0 und d | ||
| 245 | _aProject Portfolio Management in Theory and Practice: Thirty Case Studies from around the World | ||
| 245 | _cJamal Moustafaev | ||
| 260 | _c2016 | ||
| 650 | _xFINANCIAL MANAGEMENT 1-2 | ||
| 856 | _uhttp://down.ebook777.com/051/9781498769242.pdf | ||
| 999 |
_c346964 _d346964 |
||